| 000 | 00396nam a2200181Ia 4500 | ||
|---|---|---|---|
| 005 | 20251020182542.0 | ||
| 008 | 200515s9999 xx 000 0 und d | ||
| 082 | _a742/F85 | ||
| 100 | _aF. T. D. | ||
| 245 | 0 | _aTratado práctico de perspectivas | |
| 260 | _aBarcelona | ||
| 260 | _c1973 | ||
| 300 | _a226 | ||
| 500 | _a1 ejemplar | ||
| 650 | _aLIB | ||
| 650 | _aPERSPECTIVA | ||
| 942 | _cLIB | ||
| 999 |
_c2443 _d2443 |
||